Market insight (Record no. 111197)

MARC details
000 -LEADER
fixed length control field 00836cad a22001935a 4500
001 - CONTROL NUMBER
control field L151151
008 - FIXED-LENGTH DATA ELEMENTS--GENERAL INFORMATION
fixed length control field 101004e2010 xxk 000 0 eng d
035 ## - SYSTEM CONTROL NUMBER
System control number (Sirsi) u151151
041 0# - LANGUAGE CODE
Language code of text/sound track or separate title eng
110 2# - MAIN ENTRY--CORPORATE NAME
Corporate name or jurisdiction name as entry element EC Harris Research
245 00 - TITLE STATEMENT
Title Market insight
Remainder of title Hong Kong, Summer 2010
Medium [electronic resource]
260 ## - PUBLICATION, DISTRIBUTION, ETC.
Place of publication, distribution, etc. [S.l.]
Name of publisher, distributor, etc. ECHarris
Date of publication, distribution, etc. 2010
520 ## - SUMMARY, ETC.
Summary, etc. Examines the Hong Kong Tender Price Index (TPI); new build construction costs first quarter 2010; workload and tender prices; construction input costs; tender price indices second quarter 2010; tender price index outlook.
590 ## - LOCAL NOTE (RLIN)
Local note KA
651 #4 - SUBJECT ADDED ENTRY--GEOGRAPHIC NAME
Geographic name Hong Kong
690 ## - LOCAL SUBJECT ADDED ENTRY--TOPICAL TERM (OCLC, RLIN)
Topical term or geographic name as entry element BUILT ENVIRONMENT-CONSTRUCTION MARKET
856 48 - ELECTRONIC LOCATION AND ACCESS
Uniform Resource Identifier <a href="https://www.echarris.com/pdf/0007669_Hong%20Kong%20market%20insight%20v4.pdf">https://www.echarris.com/pdf/0007669_Hong%20Kong%20market%20insight%20v4.pdf</a>
Public note View the website free of charge at www.echarris.com
942 ## - ADDED ENTRY ELEMENTS (KOHA)
Suppress in OPAC 0
Holdings
Withdrawn status Lost status Source of classification or shelving scheme Damaged status Not for loan Home library Current library Shelving location Date acquired Total Checkouts Full call number Barcode Date last seen Copy number Price effective from Koha item type
    Dewey Decimal Classification     Virtual Virtual Online 04/10/2010   ONLINE PUBLICATION 151151-2001 06/08/2019 1 06/08/2019 Book